000 00576nam a2200133Ia 4500
008 231221s9999 xx 000 0 und d
020 _a978-1-4020-4776-3
041 _aEnglish
100 _aR. del Río, F. Medeiro, B. Pérez-Verdú, J. M. Rosa, Á Rodríguez-V´zquez
245 0 _aCMOS Cascade Sigma-Delta Modulators for Sensors and Telecom
260 _c2006
_bSpringer Netherlands
_aNew York
650 _aCircuits and Systems; Microwaves, RF and Optical Engineering; Communications Engineering, Networks; Electronics and Microelectronics, Instrumentation
942 _cEB
999 _c226084
_d226084